000 00822nam a2200253Ia 4500
003 OSt
005 20220926010537.0
006 a|||||r|||| 00| 0
007 ta
008 220923b |||||||| |||| 00| 0 eng d
020 _a9788189884741
_c590.75
037 _b72, 18/07/2013, Bharatiya Sahitya Bhavana
_cGeneral Book
040 _aRTL
_cRTL
_beng
041 _2eng
_aeng
082 _aY15-73(Q72:353), Q2
100 _aD'SOUZA Diane
_9312522
245 0 _aShia women
_b Muslim faith and practice
260 _a New Delhi
_bZubaan
_c2012
300 _axlv,396p.
_ccm.
500 _aBibliography: P 307-18. Appendix: P 319-38
650 _aSociology
942 _hY15-73(Q72:353), Q2
_cGB
_2CC
999 _c617594
_d617594